000 00586nam a2200181 i 4500
001 90570
003 ES-MaACL
005 20230906180502.0
007 t|
008 050121s1973 sp ||||1| spa d
100 1 _aLeguineche, Manuel.
_971316
245 1 0 _aDíez-Alegría, jesuíta prohibido
_b: (libro informe) /
_cManuel Leguineche, J.L. Torres Murillo, Fermín Cebolla.
260 _a[Madrid :
_bFundamentos,
_c1973]
300 _a271 p. ;
_c17 cm.
700 1 _aTorres Murillo, José Luis.
_9110990
700 1 _aCebolla, Fermín.
_937286
852 _aES-MaACL
_jC-53738
_bR.86515
999 _c90570
_d90570